000 00402cam a22001457a 4500
008 180718b1988 xxu||||| |||| 00| 0 eng d
082 _aC41x54 G959s
100 _aGupta, Uma
245 _aSupreme Court and civil liberties
_cby Uma Gupta
260 _aDelhi
_bMittal
_c1988
300 _a279p.
650 _aSupreme court - India
650 _aCivil liberties - India
650 _aHuman rights - India
999 _c345411
_d345411